[Event "4th Int. Chess Festival ad Gredine Open "]
[Site "Ortisei - St. Ulrich"]
[Date "2018.06.18"]
[Round "3"]
[White "Moroni, Luca Jr"]
[Black "Solomon, Kenny"]
[Result "1/2-1/2"]
[WhiteElo "2549"]
[BlackElo "2419"]
[PlyCount "229"]
[EventDate "2018.06.16"]

1. c4 Nf6 2. Nc3 g6 3. Nf3 Bg7 4. g3 O-O 5. Bg2 d6 6. d4 Nbd7 7. O-O e5 8. e4
exd4 9. Nxd4 Re8 10. f3 c6 11. Nc2 Nb6 12. b3 d5 13. cxd5 Nfxd5 14. Nxd5 cxd5
15. Rb1 dxe4 16. Qxd8 Rxd8 17. fxe4 Bg4 18. Bg5 Rd7 19. Nb4 h6 20. Be3 Be6 21.
Rfd1 Rad8 22. Rxd7 Rxd7 23. Rc1 a5 24. Nc2 Nc8 25. Ne1 Nd6 26. Bf2 Nb5 27. e5
Rd2 28. Rc5 Bd7 29. Bxb7 Bf8 30. Rd5 Rxd5 31. Bxd5 Nc3 32. Bc4 Nxa2 33. Bb6 Bb4
34. Nd3 Bc3 35. Nf4 Kg7 36. Nd5 Bxe5 37. Bxa5 Be6 38. Bd2 h5 39. Kf2 h4 40.
gxh4 Bxd5 41. Bxd5 Bxh2 42. Ke3 Bd6 43. Kd4 Nb4 44. Bf3 Be7 45. Kc4 Na6 46. Be1
Kh6 47. Be2 Kg7 48. Bf1 Nc5 49. b4 Ne4 50. Kd5 Nf6+ 51. Kc6 Ng4 52. b5 Ne5+ 53.
Kd5 Nd7 54. Kc6 Ne5+ 55. Kc7 Bc5 56. Be2 f6 57. Bd2 g5 58. hxg5 fxg5 59. Bxg5
Kf7 60. Bd1 Ke6 61. Bb3+ Kf5 62. Bh6 Ke4 63. Be6 Kd3 64. b6 Bxb6+ 65. Kxb6 Ke4
66. Kc5 Nd3+ 67. Kd6 Nf4 68. Ba2 Nd3 69. Bb1 Kd4 70. Bg7+ Ke4 71. Ke6 Ke3 72.
Kf5 Nc5 73. Ke5 Nd3+ 74. Kd5 Nf4+ 75. Kc4 Kf3 76. Bh6 Ke3 77. Kc5 Kf3 78. Kd6
Ng2 79. Ke5 Ne3 80. Be4+ Ke2 81. Bg5 Ng4+ 82. Kd4 Nf2 83. Bc6 Ng4 84. Bh4 Nf2
85. Bg5 Ng4 86. Bd8 Nf2 87. Bc7 Ng4 88. Be8 Ne3 89. Ke4 Nc2 90. Bf4 Ne1 91. Be3
Nc2 92. Bh5+ Kf1 93. Bd2 Kf2 94. Bd1 Ne1 95. Bh5 Ng2 96. Bb4 Kg3 97. Bc5 Kh4
98. Bf7 Kg3 99. Be6 Ne1 100. Bd7 Ng2 101. Bd6+ Kf2 102. Bc6 Ne1 103. Be8 Ng2
104. Bh5 Ne1 105. Bc5+ Kg3 106. Kd4 Kh4 107. Bf7 Kg3 108. Ke3 Ng2+ 109. Kd2 Nf4
110. Bd6 Kf3 111. Be8 Ke4 112. Bc6+ Nd5 113. Bc5 Ke5 114. Kd3 Nf4+ 115. Kc4
1/2-1/2

[Event "4th Int. Chess Festival ad Gredine Open "]
[Site "Ortisei - St. Ulrich"]
[Date "2018.06.18"]
[Round "3"]
[White "Hecht, Hans-Joachim"]
[Black "Praggnanandhaa, R."]
[Result "1/2-1/2"]
[WhiteElo "2327"]
[BlackElo "2529"]
[PlyCount "110"]
[EventDate "2018.06.16"]

1. d4 Nf6 2. c4 e6 3. Nc3 Bb4 4. e3 O-O 5. Nge2 d5 6. a3 Be7 7. Nf4 c6 8. Be2
dxc4 9. Bxc4 Nbd7 10. O-O e5 11. Nfe2 exd4 12. exd4 Nb6 13. Ba2 Bd6 14. Ng3 Bg4
15. Qd3 Be6 16. Bxe6 fxe6 17. Bg5 Bxg3 18. hxg3 Qd7 19. Bxf6 Rxf6 20. Rad1 Nd5
21. Ne4 Rh6 22. Rfe1 Rf8 23. Ng5 Rf5 24. f4 Rg6 25. Re5 h6 26. Ne4 b6 27. Qf3
Nf6 28. Nf2 Nd5 29. Nd3 Qd6 30. Re4 Nf6 31. Ree1 Qxd4+ 32. Nf2 Qxb2 33. Qxc6
Kh7 34. Qxe6 Rh5 35. Ne4 Qxa3 36. Nxf6+ Rxf6 37. Qe4+ Rg6 38. Re3 Qc5 39. g4
Rh4 40. Rd5 Qc6 41. g3 Rhxg4 42. Kf2 Qf6 43. Qd3 Qb2+ 44. Re2 Qc1 45. Re1 Qc6
46. Re3 b5 47. Rd8 Qb6 48. Kf1 Qc6 49. Ree8 Qh1+ 50. Ke2 Qg2+ 51. Kd1 Qg1+ 52.
Kd2 Qf2+ 53. Kd1 Qg1+ 54. Kc2 Qc5+ 55. Kb1 Qb4+ 1/2-1/2

[Event "4th Int. Chess Festival ad Gredine Open "]
[Site "Ortisei - St. Ulrich"]
[Date "2018.06.18"]
[Round "3"]
[White "Kindermann, Stefan"]
[Black "Borgo, Giulio"]
[Result "1-0"]
[WhiteElo "2506"]
[BlackElo "2397"]
[PlyCount "76"]
[EventDate "2018.06.16"]

1. e4 e6 2. Qe2 c5 3. g3 d5 4. d3 Nf6 5. Bg2 g6 6. f4 Bg7 7. Nf3 O-O 8. O-O Nc6
9. e5 Nd7 10. c4 f6 11. exf6 Nxf6 12. Nc3 Nd4 13. Qd1 Nxf3+ 14. Qxf3 Bd7 15.
Qe2 Re8 16. Bd2 Bc6 17. Rad1 Qd6 18. Rfe1 Rad8 19. Bc1 a6 20. Bf3 b5 21. Qg2
Rc8 22. b3 Red8 23. Bb2 Kf7 24. Qe2 Re8 25. Nb1 Nd7 26. Bxg7 Kxg7 27. Nd2 Qf8
28. Bg4 Qf6 29. Nf3 Rcd8 30. Qf2 dxc4 31. dxc4 Bxf3 32. Qxf3 Nf8 33. Qb7+ Kh6
34. Qxa6 b4 35. Qa7 Rxd1 36. Rxd1 e5 37. Qxc5 exf4 38. Qd4 Re1+ 1-0

[Event "4th Int. Chess Festival ad Gredine Open "]
[Site "Ortisei - St. Ulrich"]
[Date "2018.06.18"]
[Round "3"]
[White "Saric, Ivan"]
[Black "Curien, Nicolas"]
[Result "1-0"]
[WhiteElo "2685"]
[BlackElo "2204"]
[PlyCount "91"]
[EventDate "2018.06.16"]

1. e4 e6 2. d4 d5 3. Nc3 Bb4 4. e5 c5 5. a3 Bxc3+ 6. bxc3 Ne7 7. Qg4 cxd4 8.
Qxg7 Rg8 9. Qxh7 Qc7 10. Ne2 dxc3 11. f4 Bd7 12. Qd3 Na6 13. Qxc3 Qxc3+ 14.
Nxc3 Rc8 15. Bd2 Nf5 16. Kf2 Nc5 17. Bd3 Bc6 18. Rhe1 d4 19. Ne4 Bxe4 20. Rxe4
Nxe4+ 21. Bxe4 Ne3 22. Bxe3 dxe3+ 23. Kxe3 Ke7 24. Kf3 Rh8 25. h3 b5 26. Bd3
Rc5 27. Rb1 a6 28. Rb4 f6 29. exf6+ Kxf6 30. Rd4 Rd5 31. Rxd5 exd5 32. Ke3 Ke6
33. Be2 Kd6 34. Kd4 Re8 35. Bd3 Re1 36. Kc3 Kc5 37. f5 a5 38. g4 b4+ 39. axb4+
axb4+ 40. Kb2 Rh1 41. f6 Kd6 42. Bf5 b3 43. g5 bxc2 44. Kxc2 Ra1 45. g6 Ra8 46.
g7 1-0

[Event "4th Int. Chess Festival ad Gredine Open "]
[Site "Ortisei - St. Ulrich"]
[Date "2018.06.18"]
[Round "3"]
[White "Kveinys, Aloyzas"]
[Black "Vaishali, R."]
[Result "1-0"]
[WhiteElo "2519"]
[BlackElo "2310"]
[PlyCount "37"]
[EventDate "2018.06.16"]

1. d4 d5 2. c4 Nc6 3. Nc3 Nf6 4. cxd5 Nxd5 5. Nf3 g6 6. e4 Nxc3 7. bxc3 Bg7 8.
Be2 O-O 9. Bg5 Na5 10. Qd2 f5 11. e5 Be6 12. h4 Nc4 13. Qf4 h5 14. Bh6 Bd5 15.
Rh3 Bf7 16. Rg3 Qd5 17. Bxg7 Kxg7 18. Ng5 Rh8 19. e6 1-0

[Event "4th Int. Chess Festival ad Gredine Open "]
[Site "Ortisei - St. Ulrich"]
[Date "2018.06.18"]
[Round "3"]
[White "Wiesinger, Robert"]
[Black "Pruijssers, Roeland"]
[Result "0-1"]
[WhiteElo "2199"]
[BlackElo "2514"]
[PlyCount "73"]
[EventDate "2018.06.16"]

1. e4 e5 2. Nf3 Nc6 3. d4 exd4 4. Nxd4 Nf6 5. Nxc6 bxc6 6. e5 Qe7 7. Qe2 Nd5 8.
c4 Nb6 9. Nc3 Qe6 10. Qe4 g6 11. f4 Bc5 12. Bd2 a5 13. Bd3 Ba6 14. b3 a4 15.
Rf1 Qe7 16. Kd1 O-O 17. Kc2 d5 18. exd6 Qxd6 19. f5 Bd4 20. Bf4 Qc5 21. b4 Qxb4
22. Qxd4 Bxc4 23. Bxc4 Nxc4 24. Bxc7 Rac8 25. fxg6 hxg6 26. Qf4 Rxc7 27. Qxc7
Na3+ 28. Kd3 Qc4+ 29. Ke3 Qxc3+ 30. Kf2 Nc2 31. Rae1 Qc5+ 32. Kg3 Nxe1 33. Rxe1
Qa3+ 34. Kf2 Qxa2+ 35. Kg1 Qd2 36. Qe7 a3 37. Ra1 0-1

[Event "4th Int. Chess Festival ad Gredine Open "]
[Site "Ortisei - St. Ulrich"]
[Date "2018.06.18"]
[Round "3"]
[White "Sonis, Francesco"]
[Black "Hoffmann, Sebastian"]
[Result "1-0"]
[WhiteElo "2448"]
[BlackElo "2105"]
[PlyCount "67"]
[EventDate "2018.06.16"]

1. d4 d5 2. c4 c6 3. Nf3 Nf6 4. e3 Bg4 5. h3 Bxf3 6. Qxf3 e6 7. Nc3 Be7 8. Bd3
O-O 9. O-O Nbd7 10. Rd1 Qc7 11. b3 dxc4 12. bxc4 e5 13. Bb2 exd4 14. exd4 Rad8
15. Rac1 Rfe8 16. Ne2 Qb8 17. Ng3 Bf8 18. d5 cxd5 19. cxd5 Ne5 20. Qf5 Rxd5 21.
Nh5 Nxd3 22. Nxf6+ gxf6 23. Qxd5 Nxb2 24. Rd4 Qe5 25. Rg4+ Bg7 26. Qd7 h6 27.
Rg3 Qe6 28. Qd2 Qe5 29. Re3 Qb5 30. Rxe8+ Qxe8 31. Qxb2 Qd7 32. Qc2 Qd5 33. Rd1
Qa5 34. Qc8+ 1-0

[Event "4th Int. Chess Festival ad Gredine Open "]
[Site "Ortisei - St. Ulrich"]
[Date "2018.06.18"]
[Round "3"]
[White "Herzog, Adolf"]
[Black "Schnelzer, Reinhold"]
[Result "1-0"]
[WhiteElo "2344"]
[BlackElo "2182"]
[PlyCount "129"]
[EventDate "2018.06.16"]

1. e4 d5 2. exd5 Qxd5 3. Nc3 Qd6 4. d4 Nf6 5. Nf3 c6 6. Ne5 Nbd7 7. f4 g6 8.
Bc4 e6 9. O-O Bg7 10. a4 O-O 11. a5 Rb8 12. Kh1 b5 13. axb6 axb6 14. Qe2 b5 15.
Bb3 b4 16. Nd1 c5 17. f5 gxf5 18. Bf4 Nd5 19. Bxd5 Qxd5 20. c4 bxc3 21. Nxc3
Qb7 22. Nxd7 Bxd7 23. Bxb8 Rxb8 24. dxc5 Bc6 25. Rfd1 Bf6 26. h3 Kh8 27. Rg1
Rg8 28. Rad1 Qb4 29. Rd2 Be7 30. Qe3 Qh4 31. Rd3 Rg6 32. b4 Qxb4 33. Qe5+ Bf6
34. Qd6 Qb7 35. Ne2 Be4 36. Rg3 Kg7 37. Nf4 Rxg3 38. Nh5+ Kh6 39. Nxg3 Kg6 40.
Nxe4 Qxe4 41. Qg3+ Kh6 42. Qf3 Qc4 43. c6 Be5 44. g4 f4 45. Re1 Bc7 46. h4 e5
47. Kg2 Kg7 48. g5 h6 49. Kh2 e4 50. gxh6+ Kxh6 51. Qxe4 Qc3 52. Kg1 Qg3+ 53.
Kf1 f3 54. Qe3+ Bf4 55. Qg1 Qh3+ 56. Kf2 Qxh4+ 57. Kxf3 Bh2 58. Qe3+ Kg7 59.
Qe4 Qf6+ 60. Kg2 Bf4 61. Rf1 Qg5+ 62. Kf3 Qg3+ 63. Ke2 Qg4+ 64. Kd3 Qh3+ 65.
Rf3 1-0

[Event "4th Int. Chess Festival ad Gredine Open "]
[Site "Ortisei - St. Ulrich"]
[Date "2018.06.18"]
[Round "3"]
[White "Sarkar, Justin"]
[Black "Voltolini, Giuseppe"]
[Result "1-0"]
[WhiteElo "2297"]
[BlackElo "2150"]
[PlyCount "71"]
[EventDate "2018.06.16"]

1. d4 Nf6 2. c4 e6 3. Nf3 c5 4. e3 d5 5. Nc3 a6 6. dxc5 Bxc5 7. a3 O-O 8. b4
Be7 9. Bb2 dxc4 10. Bxc4 b5 11. Bd3 Bb7 12. O-O Nbd7 13. e4 Rc8 14. Qe2 Qc7 15.
Rfc1 Qb8 16. h3 Rfd8 17. Qe3 Bd6 18. Ne2 Ne5 19. Nxe5 Bxe5 20. Bxe5 Qxe5 21. f4
Qb2 22. Rcb1 Rxd3 23. Qxd3 Bxe4 24. Rxb2 Bxd3 25. Rc1 Bc4 26. Nc3 h5 27. Rd2
Bd5 28. Ne2 Bc4 29. Rd6 Ra8 30. Nd4 Ne4 31. Rb6 Rd8 32. Nc6 Rd2 33. Ne5 h4 34.
Nxc4 bxc4 35. Rxa6 c3 36. Rc6 1-0

[Event "4th Int. Chess Festival ad Gredine Open "]
[Site "Ortisei - St. Ulrich"]
[Date "2018.06.18"]
[Round "3"]
[White "Thiel, Thomas"]
[Black "Behling, Robert"]
[Result "1-0"]
[WhiteElo "2261"]
[BlackElo "2128"]
[PlyCount "97"]
[EventDate "2018.06.16"]

1. d4 d5 2. Bf4 Nf6 3. e3 c5 4. Nf3 Nc6 5. Nbd2 cxd4 6. exd4 Qb6 7. Nb3 Bf5 8.
c3 h6 9. a4 a5 10. Bb5 e6 11. Ne5 Be7 12. Nc5 Bxc5 13. dxc5 Qxc5 14. Qd4 Qxd4
15. cxd4 g5 16. Bd2 Ke7 17. Bxc6 bxc6 18. Bxa5 Rhc8 19. Bb4+ Ke8 20. h4 Nd7 21.
Nxd7 Kxd7 22. Bc5 f6 23. Kd2 g4 24. a5 Ra6 25. Rhe1 h5 26. Ra3 Rb8 27. Bb6 e5
28. Rc1 Kd6 29. Re3 e4 30. Kc3 Rc8 31. b4 Raa8 32. Kd2 Re8 33. Rec3 Bd7 34. Ke3
Rec8 35. Kf4 Ke6 36. Ra3 Ra6 37. Rg3 f5 38. Rgc3 Raa8 39. R1c2 Kf6 40. Rc5 Ke6
41. R2c3 Kf6 42. Ra3 Ra6 43. b5 cxb5 44. Rxd5 Be6 45. Rxb5 Rc2 46. d5 Bd7 47.
Bd4+ Ke7 48. Rb6 Ra8 49. a6 1-0

[Event "4th Int. Chess Festival ad Gredine Open "]
[Site "Ortisei - St. Ulrich"]
[Date "2018.06.18"]
[Round "3"]
[White "Lorscheid, Gerhard"]
[Black "Kornitzky, Tino"]
[Result "1/2-1/2"]
[WhiteElo "2200"]
[BlackElo "2112"]
[PlyCount "47"]
[EventDate "2018.06.16"]

1. g3 d5 2. Bg2 Nf6 3. c4 e6 4. Nf3 d4 5. O-O c5 6. d3 Nc6 7. a3 a5 8. e4 e5 9.
b3 Be7 10. Ne1 h5 11. f4 Bg4 12. Qc2 h4 13. h3 Bc8 14. g4 exf4 15. Bxf4 Bd6 16.
Bg5 Ne5 17. Nd2 Bc7 18. Nef3 Qd7 19. Nxe5 Bxe5 20. Bf4 Nxg4 21. hxg4 h3 22.
Bxe5 hxg2 23. Kxg2 Qxg4+ 24. Kf2 1/2-1/2

[Event "4th Int. Chess Festival ad Gredine Open "]
[Site "Ortisei - St. Ulrich"]
[Date "2018.06.18"]
[Round "3"]
[White "Di Fonzo, Valerio"]
[Black "Movileanu, Daniela"]
[Result "0-1"]
[WhiteElo "2101"]
[BlackElo "2199"]
[PlyCount "84"]
[EventDate "2018.06.16"]

1. e4 c5 2. Nf3 d6 3. d4 cxd4 4. Nxd4 Nf6 5. Nc3 a6 6. Be2 e6 7. O-O Be7 8. a4
Nc6 9. Be3 O-O 10. f4 Bd7 11. Nb3 Na5 12. Nxa5 Qxa5 13. Bf3 Bc6 14. Bd4 e5 15.
Be3 exf4 16. Bxf4 Qb6+ 17. Kh1 Rac8 18. Qd2 Rfe8 19. Be3 Qa5 20. Bd4 Bd7 21.
Qf2 Be6 22. Bb6 Qb4 23. Rab1 Nd7 24. Bd4 Bf6 25. Bxf6 Nxf6 26. Rfd1 Red8 27.
Qd4 Rc4 28. Qd3 Qa5 29. h3 h6 30. e5 Qxe5 31. Re1 Qc5 32. Bxb7 a5 33. Bf3 d5
34. Ne2 d4 35. Nf4 Bf5 36. Qa3 Rxc2 37. b4 axb4 38. Qxb4 Qc7 39. Qb6 d3 40.
Qxc7 Rxc7 41. Re5 d2 42. Rf1 Bc2 0-1

[Event "4th Int. Chess Festival ad Gredine Open "]
[Site "Ortisei - St. Ulrich"]
[Date "2018.06.18"]
[Round "3"]
[White "Kraemer, Max"]
[Black "Landi, Alberto"]
[Result "0-1"]
[WhiteElo "2044"]
[BlackElo "2198"]
[PlyCount "81"]
[EventDate "2018.06.16"]

1. e4 e6 2. d4 d5 3. Nd2 a6 4. Ngf3 Nf6 5. e5 Nfd7 6. Bd3 c5 7. c3 Nc6 8. O-O
g5 9. dxc5 g4 10. Nd4 Ndxe5 11. N2b3 Nxd3 12. Qxd3 e5 13. Re1 Bg7 14. Nf5 Bxf5
15. Qxf5 Qd7 16. Qxd7+ Kxd7 17. Bg5 f6 18. Bh4 Rad8 19. Rad1 Kc8 20. Nd2 Ne7
21. f3 Ng6 22. Bg3 gxf3 23. Nxf3 Rd7 24. Nh4 Nxh4 25. Bxh4 f5 26. Rf1 Rf8 27.
Be1 Kc7 28. b4 Kc6 29. a4 e4 30. b5+ axb5 31. axb5+ Kxc5 32. Bf2+ Kc4 33. Ra1
Bxc3 34. Rfc1 d4 35. Ra4+ Kxb5 36. Ra3 Rc8 37. Be1 Rdc7 38. Rb1+ Kc4 39. Bg3
Rd7 40. Be5 b5 41. Bxd4 0-1

[Event "4th Int. Chess Festival ad Gredine Open "]
[Site "Ortisei - St. Ulrich"]
[Date "2018.06.18"]
[Round "3"]
[White "Johnsen, Gunnar"]
[Black "Fehr, Axel"]
[Result "1-0"]
[WhiteElo "2188"]
[BlackElo "2008"]
[PlyCount "69"]
[EventDate "2018.06.16"]

1. Nf3 Nf6 2. c4 g6 3. Nc3 Bg7 4. e4 d6 5. d4 O-O 6. Be2 e5 7. dxe5 dxe5 8.
Qxd8 Rxd8 9. Bg5 Nbd7 10. O-O-O Rf8 11. Nd5 Nxd5 12. cxd5 f5 13. Nd2 Re8 14. f3
Bf8 15. Kb1 Kg7 16. Rc1 Bc5 17. Bb5 b6 18. b4 Bd6 19. a3 h6 20. Be3 Re7 21.
exf5 gxf5 22. g4 fxg4 23. fxg4 Bb7 24. Bc6 Bxc6 25. dxc6 Nf6 26. g5 Nd5 27.
gxh6+ Kh7 28. Bg5 Rf7 29. Ne4 Rf3 30. Rhd1 Nf4 31. Rxd6 cxd6 32. c7 Rc8 33.
Bxf4 Rxf4 34. Nxd6 Rxc7 35. Rxc7+ 1-0

[Event "4th Int. Chess Festival ad Gredine Open "]
[Site "Ortisei - St. Ulrich"]
[Date "2018.06.18"]
[Round "3"]
[White "Chennaoui, Yasin"]
[Black "Podetti, Davide"]
[Result "1/2-1/2"]
[WhiteElo "2002"]
[BlackElo "2186"]
[PlyCount "80"]
[EventDate "2018.06.16"]

1. Nf3 d5 2. c4 e6 3. b3 Nf6 4. Bb2 Be7 5. e3 O-O 6. Be2 c5 7. O-O Nc6 8. d4
cxd4 9. cxd5 Nxd5 10. Nxd4 Nxd4 11. Bxd4 b6 12. Nc3 Bb7 13. Bf3 Nxc3 14. Bxc3
Qxd1 15. Rfxd1 Bxf3 16. gxf3 Rfd8 17. Kf1 f6 18. Ke2 Kf7 19. h3 e5 20. a4 Rac8
21. Rxd8 Bxd8 22. Rc1 a6 23. Bb2 Rxc1 24. Bxc1 Ke6 25. e4 Kd7 26. Kd3 Kc6 27.
f4 exf4 28. Bxf4 b5 29. axb5+ axb5 30. Bc1 g6 31. Ba3 Bb6 32. f3 Bc7 33. Bb2
Be5 34. Bc1 f5 35. exf5 gxf5 36. Be3 Kd5 37. Ba7 Bh2 38. Bb6 Bd6 39. Bd4 Bf4
40. Ba7 Be5 1/2-1/2

[Event "4th Int. Chess Festival ad Gredine Open "]
[Site "Ortisei - St. Ulrich"]
[Date "2018.06.18"]
[Round "3"]
[White "Moroder, Stefan"]
[Black "Cappelletto, Joshuaede"]
[Result "1-0"]
[WhiteElo "2183"]
[BlackElo "2000"]
[PlyCount "51"]
[EventDate "2018.06.16"]

1. e4 g6 2. d4 Bg7 3. Nc3 d6 4. Nf3 a6 5. Be2 b5 6. e5 Nd7 7. Bf4 Bb7 8. O-O
Nf8 9. Qc1 Ne6 10. Be3 h5 11. Rd1 Qc8 12. d5 Nf8 13. a4 bxa4 14. exd6 exd6 15.
Ne4 Nd7 16. Bd4 Ngf6 17. Nxf6+ Nxf6 18. Qe3+ Kf8 19. c4 Qd7 20. Ng5 Ng4 21.
Bxg7+ Kxg7 22. Bxg4 Qxg4 23. Qc3+ Kg8 24. h4 Qxh4 25. Qf6 Rf8 26. Rd4 1-0

[Event "4th Int. Chess Festival ad Gredine Open "]
[Site "Ortisei - St. Ulrich"]
[Date "2018.06.18"]
[Round "3"]
[White "Arne, Mike"]
[Black "Lumachi, Gabriele"]
[Result "1-0"]
[WhiteElo "2181"]
[BlackElo "1989"]
[PlyCount "71"]
[EventDate "2018.06.16"]

1. e4 e5 2. Nf3 Nc6 3. d4 exd4 4. Nxd4 Nf6 5. Nxc6 bxc6 6. e5 Qe7 7. Qe2 Nd5 8.
Nd2 g6 9. c4 Nf4 10. Qe3 Bh6 11. Kd1 O-O 12. h4 d5 13. g3 d4 14. Qf3 Nh5 15. g4
Bxd2 16. Bxd2 Ng7 17. Bd3 Qe6 18. Rg1 f6 19. exf6 Rxf6 20. Qe2 Qf7 21. f4 Ne6
22. f5 Nc5 23. Bg5 Rd6 24. Kd2 Nxd3 25. Qxd3 gxf5 26. Raf1 f4 27. Rxf4 Qg6 28.
Qf3 Qe8 29. Re1 Re6 30. Bh6 Bd7 31. Rf8+ Qxf8 32. Bxf8 Rxf8 33. Qg3 Rxe1 34.
Kxe1 Rf7 35. Qxc7 Bxg4 36. Qd8+ 1-0

[Event "4th Int. Chess Festival ad Gredine Open "]
[Site "Ortisei - St. Ulrich"]
[Date "2018.06.18"]
[Round "3"]
[White "Uhl, Michael"]
[Black "Neumann, Han H.W.M"]
[Result "1-0"]
[WhiteElo "2116"]
[BlackElo "2055"]
[PlyCount "53"]
[EventDate "2018.06.16"]

1. e4 c5 2. c3 Qa5 3. Nf3 Nc6 4. d4 Nxd4 5. Nxd4 cxd4 6. Qxd4 e5 7. Qc4 Nf6 8.
b4 Qd8 9. Bg5 Be7 10. Bxf6 gxf6 11. Na3 a6 12. Qd5 d6 13. Bc4 O-O 14. O-O Qc7
15. Qd3 f5 16. exf5 d5 17. Bxd5 Bf6 18. Be4 Bd7 19. Rad1 Ba4 20. Qd6 Qxd6 21.
Rxd6 Be7 22. Rd3 a5 23. f6 Bxf6 24. b5 Be7 25. c4 Rab8 26. Nb1 Bc2 27. Rg3+ 1-0

[Event "4th Int. Chess Festival ad Gredine Open "]
[Site "Ortisei - St. Ulrich"]
[Date "2018.06.18"]
[Round "3"]
[White "De Vita, Gianni"]
[Black "Kumar, Naman"]
[Result "1-0"]
[WhiteElo "2036"]
[BlackElo "2100"]
[PlyCount "54"]
[EventDate "2018.06.16"]

1. e4 c5 2. c3 Nf6 3. e5 Nd5 4. Nf3 Nc6 5. Bc4 Nb6 6. Bb3 e6 7. O-O c4 8. Bc2
d6 9. exd6 Bxd6 10. b3 Qe7 11. Qe2 cxb3 12. axb3 Nd5 13. d4 Nf4 14. Bxf4 Bxf4
15. Na3 a6 16. Rfe1 Bc7 17. Qd3 Qf6 18. Nb5 Bb8 19. d5 Ne7 20. d6 Ng6 21. Nc7+
Bxc7 22. dxc7 Nf4 23. Qd6 Bd7 24. Rad1 Bc6 25. Be4 e5 26. Bxc6+ bxc6 27. Qd7+
Kf8 1-0

[Event "4th Int. Chess Festival ad Gredine Open "]
[Site "Ortisei - St. Ulrich"]
[Date "2018.06.19"]
[Round "4"]
[White "Kindermann, Stefan"]
[Black "Santos Latasa, Jaime"]
[Result "0-1"]
[WhiteElo "2506"]
[BlackElo "2567"]
[PlyCount "158"]
[EventDate "2018.06.16"]

1. e4 c5 2. d3 d5 3. exd5 Qxd5 4. Nc3 Qd7 5. g3 b6 6. Bg2 Bb7 7. Nf3 Nc6 8. O-O
e6 9. Ne4 Nge7 10. a4 Nd5 11. Nfd2 Be7 12. Nc4 O-O 13. a5 Rab8 14. axb6 axb6
15. Bd2 Qc7 16. f4 Ra8 17. Rxa8 Rxa8 18. f5 exf5 19. Rxf5 Nd4 20. Rf1 Rf8 21.
c3 Ne6 22. Qh5 b5 23. Ne3 Nxe3 24. Bxe3 g6 25. Qe2 f5 26. Nd2 Bxg2 27. Kxg2
Qc6+ 28. Nf3 Bf6 29. Kg1 Re8 30. Qf2 Qd5 31. Rd1 c4 32. Qf1 Rd8 33. d4 Nc5 34.
Bg5 Bxg5 35. Nxg5 Nd3 36. Qe2 Qd7 37. Qe6+ Qxe6 38. Nxe6 Rd6 39. Nc7 b4 40.
cxb4 Nxb2 41. Rd2 c3 42. Rc2 Rxd4 43. Rxc3 Rxb4 44. Nd5 Rb7 45. Rc7 Rxc7 46.
Nxc7 Kf7 47. h4 Kf6 48. Nd5+ Ke5 49. Nf4 Ke4 50. Kg2 Nc4 51. Kf2 Ne5 52. Ne6 h6
53. Ke2 Nd3 54. Nf8 f4 55. gxf4 Nxf4+ 56. Kf2 Kf5 57. Kf3 Nd3 58. Ke2 Nc5 59.
Ke3 Kf6 60. Kd4 Kf7 61. Kxc5 Kxf8 62. Kd4 Kf7 63. Ke3 Ke7 64. Kf3 Kd6 65. Kf4
Kd5 66. Ke3 Ke5 67. Kf3 Kf5 68. Kg3 Ke4 69. Kg4 Ke3 70. h5 g5 71. Kf5 Kf3 72.
Kg6 g4 73. Kxh6 g3 74. Kh7 g2 75. h6 g1=Q 76. Kh8 Qd4+ 77. Kg8 Qg4+ 78. Kf7
Qh5+ 79. Kg7 Qg5+ 0-1

[Event "4th Int. Chess Festival ad Gredine Open "]
[Site "Ortisei - St. Ulrich"]
[Date "2018.06.19"]
[Round "4"]
[White "Saric, Ivan"]
[Black "Gholami, Aryan"]
[Result "1-0"]
[WhiteElo "2685"]
[BlackElo "2490"]
[PlyCount "105"]
[EventDate "2018.06.16"]

1. e4 c5 2. Nf3 Nc6 3. Bb5 e6 4. b3 Nge7 5. Bb2 a6 6. Bxc6 Nxc6 7. O-O b6 8. c4
Bb7 9. Re1 f6 10. d4 cxd4 11. Nxd4 Nxd4 12. Bxd4 Bb4 13. Bc3 Be7 14. Qh5+ g6
15. Qh6 Bf8 16. Qd2 Be7 17. Bb4 Bc6 18. Na3 Bxb4 19. Qxb4 Qe7 20. Nc2 Qxb4 21.
Nxb4 Bb7 22. Rad1 Ke7 23. Nd3 d6 24. a4 Rac8 25. f3 b5 26. cxb5 axb5 27. axb5
Rc3 28. Rc1 Rhc8 29. Rxc3 Rxc3 30. Rc1 Rxc1+ 31. Nxc1 Kd7 32. Kf2 Kc7 33. Ne2
Kb6 34. Ke3 Bc8 35. Nc3 Kc5 36. f4 Bd7 37. e5 dxe5 38. Ne4+ Kxb5 39. Nxf6 exf4+
40. Kxf4 Bc6 41. g4 h6 42. Ke5 Kc5 43. Kxe6 Kd4 44. Kf7 g5 45. Kg6 Ke5 46. b4
Bb5 47. Ng8 Kf4 48. Nxh6 Bf1 49. Kf6 Be2 50. Ke6 Bd3 51. Kd5 Be2 52. Kc5 Ke5
53. b5 1-0

[Event "4th Int. Chess Festival ad Gredine Open "]
[Site "Ortisei - St. Ulrich"]
[Date "2018.06.19"]
[Round "4"]
[White "Tarlev, Konstantin"]
[Black "Sonis, Francesco"]
[Result "1/2-1/2"]
[WhiteElo "2552"]
[BlackElo "2448"]
[PlyCount "47"]
[EventDate "2018.06.16"]

1. c4 c6 2. Nf3 d5 3. e3 Bg4 4. Qb3 Qc7 5. cxd5 cxd5 6. Bb5+ Nd7 7. Nc3 Bxf3 8.
gxf3 e6 9. d4 a6 10. Bd3 Qb6 11. Qxb6 Nxb6 12. Ke2 Ne7 13. b3 Nc6 14. a3 Bd6
15. Bd2 O-O 16. h3 Rfc8 17. Rhc1 Bf8 18. f4 g6 19. Kd1 Ne7 20. Ne2 Rxc1+ 21.
Nxc1 Rc8 22. Be2 Nf5 23. Nd3 Nd7 24. Rc1 1/2-1/2

[Event "4th Int. Chess Festival ad Gredine Open "]
[Site "Ortisei - St. Ulrich"]
[Date "2018.06.19"]
[Round "4"]
[White "Tan, Justin"]
[Black "Moroni, Luca Jr"]
[Result "0-1"]
[WhiteElo "2484"]
[BlackElo "2549"]
[PlyCount "90"]
[EventDate "2018.06.16"]

1. e4 c5 2. c3 d6 3. d4 Nf6 4. Bd3 g6 5. h3 Bg7 6. Nf3 O-O 7. O-O Nc6 8. dxc5
dxc5 9. Bf4 h6 10. Qc2 Be6 11. Nbd2 Qd7 12. Rad1 Rad8 13. Nb3 b6 14. Qc1 Qc8
15. Bb1 Kh7 16. Rxd8 Rxd8 17. Re1 Nd7 18. e5 Nf8 19. Nbd2 Bf5 20. Ne4 Ne6 21.
Bh2 c4 22. Qe3 Kg8 23. g4 Bxe4 24. Qxe4 b5 25. Qe3 Qc7 26. h4 Qb6 27. Qe2 Nb8
28. h5 g5 29. Bg3 Na6 30. b4 Nac7 31. Bf5 Nd5 32. Qc2 Nef4 33. Rd1 e6 34. Bh7+
Kf8 35. Kh2 Qc7 36. Re1 a5 37. a3 axb4 38. axb4 Ra8 39. Be4 Ra3 40. Qd2 Nxc3
41. Qc1 Rb3 42. Bc2 Na2 43. Qa1 Ra3 44. Qb2 Qa7 45. Ra1 Rxf3 0-1

[Event "4th Int. Chess Festival ad Gredine Open "]
[Site "Ortisei - St. Ulrich"]
[Date "2018.06.19"]
[Round "4"]
[White "Praggnanandhaa, R."]
[Black "Herzog, Adolf"]
[Result "1-0"]
[WhiteElo "2529"]
[BlackElo "2344"]
[PlyCount "105"]
[EventDate "2018.06.16"]

1. e4 e6 2. d4 d5 3. Nd2 c5 4. exd5 exd5 5. Ngf3 Nc6 6. Bb5 Bd6 7. dxc5 Bxc5 8.
O-O Nge7 9. Nb3 Bd6 10. Re1 O-O 11. Bd3 h6 12. h3 Bf5 13. Bxf5 Nxf5 14. c3 Qd7
15. Qd3 Rad8 16. Bd2 Nfe7 17. Rad1 Qc8 18. Be3 Rfe8 19. Bc5 Bb8 20. Bxe7 Rxe7
21. Rxe7 Nxe7 22. Nbd4 a6 23. Re1 Ng6 24. Nf5 Qd7 25. g3 Ba7 26. Kg2 Bc5 27. h4
Ne7 28. Nxe7+ Bxe7 29. Nd4 Bf6 30. Nf5 d4 31. cxd4 Qd5+ 32. Qf3 Kf8 33. b3
Qxf3+ 34. Kxf3 h5 35. Rc1 g6 36. Ne3 Bxd4 37. Rc7 b5 38. Nc2 Be5 39. Rc5 f6 40.
Rc6 Rd6 41. Nb4 Ke7 42. Rxa6 Rxa6 43. Nxa6 Bd6 44. Ke4 Ke6 45. Kd4 g5 46. a4
bxa4 47. bxa4 gxh4 48. gxh4 Kf5 49. a5 Kg4 50. Kd5 Bh2 51. Nb4 Bg1 52. Nd3 Bh2
53. Kc6 1-0